| 000 | 00824nam a2200241 a 4500 | ||
|---|---|---|---|
| 001 | 000009155 | ||
| 005 | 20240412074210.0 | ||
| 008 | 090928t1975 dr 001 p spa d | ||
| 040 |
_aDO-SdBNP _bspa _cBNPHU |
||
| 082 |
_aRD861.42 _bG993s, 1975 |
||
| 100 | 1 |
_aGuzmán Carretero, Octavio _923823 |
|
| 245 | 1 | 0 |
_aSolazo / _cOctavio Guzmán Carretero. |
| 250 | _a2ª ed. | ||
| 260 |
_aSanto Domingo : _bCírculo de publicaciones del Ateneo de Moca, _c1975. |
||
| 300 |
_a90 p. ; _c21 cm. |
||
| 490 | 1 |
_aCírculo de publicaciones Ateneo de Moca _v2 |
|
| 500 | _aIncluye notas al pie de páginas. | ||
| 590 | _aInventariado, 2018/VM | ||
| 650 | 0 |
_aPoesía dominicana _966 |
|
| 650 | 0 |
_aLiteratura dominicana. _967 |
|
| 830 | 0 |
_aCírculo de publicaciones Ateneo de Moca _n2 _923824 |
|
| 910 | _aValidado. Control de calidad EMS. | ||
| 999 |
_c8919 _d8919 |
||